000 01005nam a2200277 a 4500
001 70445
003 BD-RjUL
005 20211209082012.0
008 170417s1964 enk 001 0 eng d
035 _a(BD-RjUL)70659
040 _aNZOC
_beng
_cNZOC
_deng
041 _aeng
082 _223
_a519.5
_bKID 1964
100 1 _aKimura, Motoo,
_d1924-
_9208555
245 1 0 _aDiffusion models in population genetics /
_cMotoo Kimura
260 _aLondon :
_bMethuen,
_c1964
300 _a56 p. ;
_c25 cm.
504 _aIncludes bibliography and index
650 0 _aStatistics
_9167423
650 0 _aPopulation genetics
_9218974
650 0 _aStochastic processes.
_9117665
650 0 _aGenetics.
_9208556
830 _aMethuen's monographs on applied probability and statistics. Supplementary review series in applied probability ;
_vv.2
_9218973
942 _2ddc
_cBK
999 _c70445
_d70445